| 000 | 00925cam a2200289 i 4500 | ||
|---|---|---|---|
| 003 | DO-SdBNP | ||
| 005 | 20240712105855.0 | ||
| 007 | ta | ||
| 008 | 240712s2005 ve 000 f spa | ||
| 020 | _a9803761269 | ||
| 020 | _a98037621353 | ||
| 040 |
_aDO-SdBNP _bspa _cBNPHU _erda |
||
| 082 |
_bC957 _222 |
||
| 100 | 1 |
_aCruz, Luz Marina _d1960- _921645 _eautora |
|
| 245 | 1 | 3 |
_aEl desmadre imaginativo de Denzil Romero / _cLuz Marina Cruz |
| 264 | 1 |
_aCaracas, Venezuela : _bel perro y la rana, _bMinisterio de Cultura, _c2005. |
|
| 300 |
_a79 páginas _c21 cm. |
||
| 336 |
_2rdacontent _atexto _btxt |
||
| 337 |
_2rdamedia _asin mediación _bn |
||
| 338 |
_2rdacarrier _avolumen _bnc |
||
| 490 |
_aCada día un libro _aensayo |
||
| 500 | _aIncluye datos biografícos de la autora en la contraportada. | ||
| 504 | _aBibliografía p: 79. | ||
| 590 | _aInventariado, 2024/ YL | ||
| 910 | _aYlockward | ||
| 942 |
_2ddc _cLBS1 |
||
| 999 |
_c57283 _d57283 |
||